Statistics for Teen Wolf Ships

Click here to take the quiz!

General Stats

  • This quiz has been taken 1,183 times
  • The average score is 7 of 15

Answer Stats

HintAnswer% Correct
"So when I kissed you, you held your breath."Stydia
93%
"Pat of you is doing something."Scallison
81%
"My house, my rules buddy."Sterek
79%
"No, I would never leave without you."Stalia
73%
"Yeah you...be my Yoda."Sciles
66%
"I don't want you to sleep in the chair."Scira
54%
"Dude, I love Mexican."Scisaac
45%
"I mean no. You wanna hear it in Spanish? Noh!"Stackson
44%
"What's up with the scarf anyway? It's like 65 degrees out."Stisaac
43%
"Come over to my place at nine. Plan to stay the night. I like to cuddle."Stanny
41%
"I do. I do still love you."Jydia
33%
"You're not a boy if you walk in there acting like a man."Allisaac
30%
"I used to have the worst crush on you in the world."Sterica
24%
"What I am? A nun? Put them somewhere useful."Aidia
14%
"You. You. I like you. I'm gonna keep you"Starrish
11%

Score Distribution

Percentile by Number Answered

Percent of People with Each Score

Your Score History

You have not taken this quiz